US States that Contain the Letter C - Statistics

General Stats
  • This quiz has been taken 217 times
  • The average score is 9 of 10
Answers on the Map
Answers color-coded by a green-red scale on the quiz's map according to % correct below.
 
Answer Stats
Answer % Correct
California
100%
Colorado
98%
North Carolina
98%
South Carolina
97%
Connecticut
96%
Michigan
92%
Kentucky
88%
Massachusetts
88%
New Mexico
88%
Wisconsin
88%
No matching quizzes found
Score Distribution
Percent of People with Each Score
Percentile by Number Answered
Your Score History
You have not taken this quiz